| 000 | 00844cam a2200253 i 4500 | ||
|---|---|---|---|
| 001 | 6839 | ||
| 003 | BD-RjUL | ||
| 005 | 20211208234325.0 | ||
| 008 | 140112r1962 ii a b 001 0 eng | ||
| 035 | _a(BD-RjUL)6881 | ||
| 040 |
_aDLC _cDLC _dDLC _dBD-RjUL _beng |
||
| 041 | _aeng | ||
| 082 | 0 | 0 |
_a515.353 _bEPP 1962 |
| 100 | 1 |
_aEpstein, Bernard. _921484 |
|
| 245 | 1 | 0 |
_aPartial differential equations : _ban introduction / _cBernard Epstein. |
| 260 |
_aNew Delhi : _bTata McGraw-Hill, _cc1962. |
||
| 300 |
_ax, 273 p. : _bill. ; _c24 cm. |
||
| 500 | _aReprint of the ed. published by McGraw-Hill, New York, in series: International series in pure and applied mathematics. | ||
| 504 | _aBibliography: p. 267-268. | ||
| 650 | 0 |
_aDifferential equations, Partial. _921485 |
|
| 942 |
_2ddc _cBK |
||
| 999 |
_c6839 _d6839 |
||